Social justice, decoloniality, and southern epistemologies within language education : theories, knowledges, and practices on TESOL from Brazil /

"With a strong focus on decoloniality and social justice, this volume brings together critical theories, concepts, and practices on TESOL from multiple Brazilian perspectives. The chapters showcase the work of teachers and teacher educators in confronting sociopolitical issues in Brazil, includ...

Full description

Bibliographic Details
Other Authors: Tavares, Vander, 1988- (Editor)
Format: Book
Language:English
Published: Abingdon, Oxon ; New York, NY : Routledge, 2023.
Series:Global South perspectives in TESOL
Subjects:
Classic Catalogue: View this record in Classic Catalogue
LEADER 03166nam a22004218i 4500
001 44649
003 BD-DhAAL
005 20250827165559.0
008 250827t2023 enka b 001 0 eng
010 |a  2022039857 
020 |a 9781032365008 (hbk) 
020 |a 9781032365015 (pbk) 
020 |a 9781003332336(ebk) 
035 |a 22858140 
040 |a DLC  |b eng  |c DLC  |e rda  |d BD-DhAAL 
042 |a pcc 
043 |a s-bl--- 
050 0 0 |a PE1068.B6  |b S63 2023 
082 0 0 |a 428.0071081  |2 23 
245 0 0 |a Social justice, decoloniality, and southern epistemologies within language education :  |b theories, knowledges, and practices on TESOL from Brazil /  |c edited by Vander Tavares. 
260 |a Abingdon, Oxon ;  |a New York, NY :  |b Routledge,  |c 2023. 
300 |a xviii, 233 pages :  |b illustrations :  |c 23 cm 
490 0 |a Global South perspectives in TESOL 
504 |a Includes bibliographical references and index. 
520 |a "With a strong focus on decoloniality and social justice, this volume brings together critical theories, concepts, and practices on TESOL from multiple Brazilian perspectives. The chapters showcase the work of teachers and teacher educators in confronting sociopolitical issues in Brazil, including in the domains of democracy, language education, and knowledge production, as well as prevailing issues within TESOL itself. Contributions stem from an eclectic range of analytical orientations that reflect ontological and epistemological diversity while demonstrating why, where, and how TESOL is done in Brazil. In doing so, this volume also establishes a place for Southern voices to be heard in the move toward challenging complex and long-standing issues of representation, marginalisation, and exclusion that have traditionally characterised North-South relations in TESOL as a field. This volume seeks to promote Southern-based conversations about decoloniality and social justice in TESOL and will be of direct relevance to graduate students, researchers, and scholars in the field of TESOL and foreign language education"-- 
526 |a ENH   |x Rukhsana Rahim Chowdhury Senior Lecturer Department of English and Humanities Course name and No.: Shakespeare (ENG 217) 
541 |a Hye trade international  |e 44649 
650 0 |a English language  |x Study and teaching  |z Brazil.  |9 59178 
650 0 |a English language  |x Study and teaching  |x Social aspects.  |9 59179 
650 0 |a English language  |x Study and teaching  |x Political aspects.  |9 59180 
650 0 |a English language  |x Study and teaching  |x Portuguese speakers.  |9 59181 
650 0 |a Social justice and education  |z Brazil.  |9 59182 
655 7 |a Essays.  |2 lcgft  |9 59183 
700 1 |a Tavares, Vander,  |d 1988-  |e editor.  |9 59184 
830 |a Global South perspectives in TESOL  |9 59185 
942 |2 ddc  |c BK 
999 |c 47310  |d 47310 
952 |0 0  |1 0  |2 ddc  |4 0  |6 428_007108100000000_SOC  |7 0  |9 78039  |a BRACUL  |b BRACUL  |c GEN  |d 2025-08-25  |e Hye Trade International  |g 3488.00  |l 0  |o 428.0071081 SOC  |p 3010044649  |r 2025-08-25  |t 1  |v 3488.00  |w 2025-08-25  |y BK  |x Requisitioned by Rukhsana Rahim Chowdhury (Senior Lecturer Department of English and Humanities) for the course named- Shakespeare ‘’ (ENG 217)’’